000 00420nam a2200181Ia 4500
001 4085
005 20260306145730.0
008 260306t2006||||xx |||||||||||||| ||spa||
041 _aESP
082 _a306.85
_bH12 Nº 50
100 _aCorominas, Fernando
_eAUT
245 0 _aCómo educar la voluntad
260 _c2006
300 _a230 páginas :
_c
650 _aGEN
654 _aCED
942 _cLIB
_dJUS
_fJUS
_2ddc
_n
999 _c4085
_d4085